000 00409nam a22001697a 4500
003 MPLRDC
005 20220104125732.0
008 210129b ||||| |||| 00| 0 eng d
082 _a435.1 LHCB
100 _a不详
245 _a园艺栽培入门
_c
260 _a
_b龙和出版有限公司
_c1986
300 _b
490 _a实用家庭丛书
650 _a园艺泛论
942 _cBK
_o435.1 LHCB
999 _c29717
_d29707